00378pab a2200133 454500008004000000100002800040245006500068260000900133300001500142362000800157650002700165650001800192773003400210180718b2008 xxu||||| |||| 00| 0 eng d aSugiyama, Natash Borges aTheories of policy diffusion: social sector reform in Brazil c2008 ap.193-216. aFeb aSocial policy - Brazil aSocial policy aComparative Political Studies